Normal view
MARC view
- تأليف شلش،محمد جميل
Entry Personal Name
001 - CONTROL NUMBER
- control field: 16966
003 - CONTROL NUMBER IDENTIFIER
- control field: JO-AjAnu
005 - DATE AND TIME OF LATEST TRANSACTION
- control field: 20230606073014.0
008 - FIXED-LENGTH DATA ELEMENTS
- fixed length control field: 230606|| aca||aabn | a|a d
040 ## - CATALOGING SOURCE
- Original cataloging agency: JO-AjAnu
- Transcribing agency: JO-AjAnu
100 ## - HEADING--PERSONAL NAME
- Personal name: تأليف شلش،محمد جميل
670 ## - SOURCE DATA FOUND
- Source citation: Work cat.: (JO-AjAnu)8711: تأليف شلش،محمد جميل, author, الحماسة في شعر الشريف الرضي